| 000 | 01070nam a22002657a 4500 | ||
|---|---|---|---|
| 001 | BD-DhSAU 9278 | ||
| 003 | BD-DhSAU | ||
| 005 | 20260223104956.0 | ||
| 008 | 150613b2018 bg a|||| m||| 00| 0 eng d | ||
| 040 | _aBD-DhSAU | ||
| 082 |
_222 _a595.7 _bAs36 |
||
| 100 |
_aISLAM, MD. ASHRAFUL _eRegistration # 22010142 |
||
| 245 |
_aEvaluation of different traps settings for
managing cucurbit fruit fly (bactrocera cucurbitae coq.)
on bitter gourd /
_bMS thesis |
||
| 260 |
_aSher-e-Bangla Agricultural University : _bDepartment of Entomology, _c2024. |
||
| 300 |
_avii, 48p. : _bill. ; _c30 cm. |
||
| 500 | _aMS thesis of Department of Entomology, Faculty of Agriculture , Sher-e-Bangla Agricultural University, Dhaka, Bangladesh | ||
| 504 | _aIncludes bibliographical reference. | ||
| 590 | _aNazmul | ||
| 650 | _amanaging cucurbit fruit fly (bactrocera cucurbitae coq.) | ||
| 650 | _abitter gourd | ||
| 700 |
_aProf. Dr. Md. Mizanur Rahman _eSuperviser |
||
| 700 |
_aProf. Dr. Mohammed Sakhawat _eCo-superviser |
||
| 942 |
_2ddc _cTHESIS |
||
| 999 |
_c18296 _d18295 |
||